000 00433nam a2200157 a 4500
005 20140412111409.0
008 070817s19uu xx 00 eng d
020 _a981-00-8927-9
050 _aER
_bBe38Ma 1995
100 _aHewitt, Sally
245 _aBear's sticker book: Matching /
_cSally Hewitt.
260 _aSingapore :
_bQuarto childrens books,
_c1995.
300 _a1 v. (unpaged)
650 _aMatching
999 _c105627
_d105627